00550cam a22001932 4500001001100000005001700011008004100028020001500069040001500084050002200099100003400121245005200155250001200207260003600219300002900255500003600284650003300320852000300353000001185220151217154413.0090114s xx 000 0 eng d a0071106924 aKABUcKABU 0aPN4121b.L83 20071 aLucas, Stephen E.@000015218914aThe Art of public speaking /cStephen E. Lucas. a9th ed. aNew York :bMcGraw-Hill,c2007. axxx, 506 p. +e2 CD-ROM. aElectronic resource available. 0aPublic speaking.@00001521611